000 00634nam a2200217Ia 4500
005 20241129115543.0
008 241129s9999||||xx |||||||||||||| ||und||
020 _a9780821868850
037 _aTB
040 _aSDCL
_beng
_cSDCL
041 _aeng
_2eng
084 _aBx Q1;1
_qSDCL
100 _aFuchs Dmitry; Tabachnikov Serge
_9727745
245 0 _aMathematical Omnibus; Mathematical omnibus: Thirty lectures on classic mathematics
260 _aNew Delhi
_bAmerican Mathematical Society
_c2011
300 _axv,463p.
365 _aINR
_b0
650 _aGift
942 _cTB
_hBx Q1;1
999 _c1230959
_d1230959